The noble scholar, jurist, historian


 His Excellency Dr. Abdul Wahhab bin Ibrahim Abu Sulaiman, may Allah have mercy on him.


 He was born in Umm Al-Qura in the year 1356 AH.

الفارق بين رواية ورش وحفص / (Record no. 3747)

MARC details
000 -LEADER
fixed length control field 01710cam a22003251i 4500
003 - CONTROL NUMBER IDENTIFIER
control field SA-RiAUC
005 - DATE AND TIME OF LATEST TRANSACTION
control field 20241221155850.0
008 - FIXED-LENGTH DATA ELEMENTS--GENERAL INFORMATION
fixed length control field 241220s1980 le g 000 0 ara c
040 ## - CATALOGING SOURCE
Original cataloging agency SD-OmOIU
Language of cataloging ara
Transcribing agency SA-RiAUC.
Description conventions rda
082 04 - DEWEY DECIMAL CLASSIFICATION NUMBER
Classification number 228.1
Assigning agency SA-RiAUC
090 ## - LOCALLY ASSIGNED LC-TYPE CALL NUMBER (OCLC); LOCAL CALL NUMBER (RLIN)
Classification number (OCLC) (R) ; Classification number, CALL (RLIN) (NR) 228.1
Local cutter number (OCLC) ; Book number/undivided call number, CALL (RLIN) ج ك ن
100 1# - MAIN ENTRY--PERSONAL NAME
Personal name الجكني، أعمر بن محم بوبا
Relator term مؤلف.
245 12 - TITLE STATEMENT
Title الفارق بين رواية ورش وحفص /
Statement of responsibility, etc. تأليف عمر بن محمد بوبا الجكني ؛ حققه محمد الأمين بن عبد القادر الجكني الشنقيطي. معه، إتمام الفارق بقراءة نافع / لمحمد الأمين بن عبد القادر الجكني الشنقيطي.
250 ## - EDITION STATEMENT
Edition statement الطبعة الثالثة.
264 #1 - PRODUCTION, PUBLICATION, DISTRIBUTION, MANUFACTURE, AND COPYRIGHT NOTICE
Place of production, publication, distribution, manufacture بيروت :
Name of producer, publisher, distributor, manufacturer دار الإخاء اللبنانية للطباعة والنشر،
Date of production, publication, distribution, manufacture, or copyright notice [1980]
300 ## - PHYSICAL DESCRIPTION
Extent 179 صفحة ؛
Dimensions 24 سم
336 ## - CONTENT TYPE
Content type term نص
Content type code txt
Source rdacontent
Materials specified كتاب
337 ## - MEDIA TYPE
Media type term بدون وسيط
Media type code n
Source rdamedia
338 ## - CARRIER TYPE
Carrier type term مجلد
Carrier type code nc
Source rdacarrier
630 27 - SUBJECT ADDED ENTRY--UNIFORM TITLE
Uniform title القرآن
General subdivision قراءات
Source of heading or term aucut
630 27 - SUBJECT ADDED ENTRY--UNIFORM TITLE
Uniform title القرآن
General subdivision قراءة حفص
Source of heading or term aucut
630 27 - SUBJECT ADDED ENTRY--UNIFORM TITLE
Uniform title القرآن
General subdivision قراءة ورش
Source of heading or term aucut
630 27 - SUBJECT ADDED ENTRY--UNIFORM TITLE
Uniform title القرآن
General subdivision قراءة نافع
Source of heading or term aucut
700 1# - ADDED ENTRY--PERSONAL NAME
Personal name الشنقيطي، محمد الأمين بن محمد المختار بن عبد القادر،
Dates associated with a name 1907-1973
Relator term محقق.
700 12 - ADDED ENTRY--PERSONAL NAME
Personal name الشنقيطي، محمد الأمين بن محمد المختار بن عبد القادر،
Dates associated with a name 1907-1973.
Title of a work إتمام الفارق بقراءة نافع.
730 22 - ADDED ENTRY--UNIFORM TITLE
Uniform title القرآن
740 02 - ADDED ENTRY--UNCONTROLLED RELATED/ANALYTICAL TITLE
Uncontrolled related/analytical title إتمام الفارق بقراءة نافع.
942 ## - ADDED ENTRY ELEMENTS (KOHA)
Source of classification or shelving scheme Dewey Decimal Classification
Koha item type Books
Suppress in OPAC No
949 ## - LOCAL PROCESSING INFORMATION (OCLC)
a SA-JeALM
d 241220
u osman123
n 1
Holdings
Withdrawn status Lost status Source of classification or shelving scheme Damaged status Not for loan Home library Current library Date acquired Total checkouts Full call number Barcode Date last seen Price effective from Koha item type
    Dewey Decimal Classification     DR AbdElwahab Library DR AbdElwahab Library 12/21/2024   228.1 ج ك ن 000005896 12/21/2024 12/21/2024 Books